| 000 | 00617nam a2200193 i 4500 | ||
|---|---|---|---|
| 001 | 102580 | ||
| 003 | ES-MaACL | ||
| 005 | 20250630161402.0 | ||
| 007 | t| | ||
| 008 | 051117s1956 sp ||||1| spa d | ||
| 100 | 1 |
_aMerle, Robert. _980569 |
|
| 245 | 1 | 0 |
_aOscar Wilde / _cRobert Merle: [traducción y prólogo Juan Gil-Albert]. |
| 260 |
_aValencia : _bFomento de Cultura, _c1956. |
||
| 300 |
_a1 lám. retr. aut., 495 p. ; _c21 cm. |
||
| 600 | 1 | 4 |
_aWilde, Oscar, _d1854-1900 _9241147 |
| 700 | 1 |
_aGil-Albert, Juan, _d1904-1994 _956757 |
|
| 852 |
_aES-MaACL _jC-10920 _bR.39417 |
||
| 999 |
_c102580 _d102580 |
||